02210 2200277 4500001002100000005001500021035002000036007000300056008004100059020002200100082001000122084001900132100002900151245009100180250002400271300004200295650001200337650002000349700002600369520141300395264003401808336002101842337003001863338002301893990001601916INLIS00000000116392720240506075857 a0010-0424000095ta240506 a 1 ind  a978-602-378-324-3 a398.2 aSR 398.2 AJE d0 aAjeng Restiyaniepenulis1 aDongeng sebelum tidur :bfabel dunia populer /cAjeng Restiyani; editor, Hayatun Nufus aCetakan Kedua, 2023 avi, 122 halaman :bilustrasi ;c18 cm 4aDongeng 4aCerita binatang0 aHayatun Nufuseeditor aHalo teman-teman, melalui kumpulan dongeng fabel ini, mari kita berpetualang mengenal berbagai jenis binatang di Indonesia dan dunia! Mendongeng memiliki segudang manfaat bagi anak juga orang tua. Salah satunya adalah menjadikan bonding antara anak dan orang tua semakin lekat. Selain itu, mendongeng mampu menumbuhkan kreativitas anak-anak. Buku ini memuat kumpulan fabel populer dari seluruh dunia yang sarat dengan pesan moral juga dilengkapi pembentukan karakter untuk anak-anak. Disusun dengan bahasa yang sederhana sehingga buku ini mudah dipahami oleh anak dan juga mudah untuk diceritakan kembali oleh orang tua. Ilustrasi dalam buku ini sangat lucu dan penuh warna sehingga membuat kegiatan mendongeng menjadi semakin menyenangkan. Dalam buku ini, terdapat cerita-cerita menarik yang ditampilkan melalui karakter tokoh-tokoh hewan atau binatang seperti kucing, ayam, kelinci, kura-kura, semut, kancil hingga harimau dan masih banyak lagi. Selain mengenal hewan dan binatang di berbagai belahan dunia, melalui cerita-cerita dalam buku ini kita juga memperoleh hiburan sekaligus mendapatkan banyak pelajaran hidup seperti menjaga persahabatan, saling menghargai dan bersikap baik terhadap semua makhluk hidup. Buku dongeng fabel ini juga cocok untuk para orang tua dan guru sebagai salah satu alternatif bacaan fiksi dalam mengenalkan budi pekerti baik dan penanaman moral pada anak sejak dini. aJakarta :bWahyu Media,c2023 2rdacontentateks 2rdamediaatanpa perantara 2rdacarrieravolume a52776.65596